[Event "Let's Play Chess!"]
[Site "http://www.queenalice.com/game.php?id=799345"]
[Date "2010.7.5"]
[Round "-"]
[White "greatgaijin"]
[Black "arkadiusz42"]
[Result "1-0"]
[WhiteElo "1280"]
[BlackElo "1620"]

1. e4 e5 2. f4 exf4 3. Nf3 f6 4. Bc4 Nh6 5. O-O Bc5+ 6. d4 Bb6 7. Bxf4 Ng4 8. h3
Nh6 9. Kh1 Nc6 10. e5 f5 11. d5 Na5 12. Bg5 Nxc4 13. Bxd8 Nxb2 14. Qe2 Kxd8 15.
c4 d6 16. e6 f4 17. Qxb2 Nf5 18. Ng5 Bd4 19. Nc3 Ng3+ 20. Kh2 Nxf1+ 21. Rxf1 h6
22. Nf7+ Ke7 23. Nxh8 Kf6 24. Rxf4+ Ke7 25. Rf7+ Ke8 26. Ng6 b6 27. Rf8# 1-0

[Event "Let's Play Chess!"]
[Site "http://www.queenalice.com/game.php?id=799352"]
[Date "2010.7.6"]
[Round "-"]
[White "oldbubba"]
[Black "greatgaijin"]
[Result "0-1"]
[WhiteElo "1059"]
[BlackElo "1100"]

1. e4 c5 2. d4 cxd4 3. c3 Nc6 4. cxd4 d6 5. d5 Ne5 6. Nf3 Nxf3+ 7. Qxf3 Nf6 8.
Bd3 g6 9. Bg5 Bg7 10. Nc3 a6 11. O-O Bg4 12. Qe3 Rc8 13. f3 Bd7 14. a4 O-O 15.
Rac1 Qa5 16. Rc2 Qb4 17. Qd2 Rc7 18. Be3 Rfc8 19. Rfc1 Bxa4 20. Ra1 Bxc2 21.
Bxc2 Qxb2 22. Rb1 Qxc3 23. Rc1 Qxd2 24. Bxd2 Rxc2 25. Rd1 Nh5 26. Kf2 Bc3 27.
Ke3 Bxd2+ 28. Rxd2 Rxd2 29. Kxd2 b5 30. Kd3 b4 0-1

[Event "Let's Play Chess!"]
[Site "http://www.queenalice.com/game.php?id=802317"]
[Date "2010.7.12"]
[Round "-"]
[White "mariarosa"]
[Black "greatgaijin"]
[Result "1-0"]
[WhiteElo "2062"]
[BlackElo "1905"]

1. b4 e6 2. b5 d5 3. Bb2 Nf6 4. e3 c5 5. d3 Qa5+ 6. Qd2 Qxb5 7. Bxf6 gxf6 8. Nc3
Qc6 9. Nf3 Bh6 10. Qe2 b5 11. g3 b4 12. Nb1 a5 13. Bg2 Ba6 14. O-O c4 15. Nh4
Nd7 16. Nd2 Ke7 17. Qh5 Bg7 18. dxc4 Bxc4 19. Rfc1 Ne5 20. Ndf3 Nxf3+ 21. Nxf3
h6 22. Nd4 Qa6 23. Qg4 Rhg8 24. Qd1 Bh8 25. Nb3 Rac8 26. Nd2 Be2 27. Qe1 f5 28.
Rab1 Bc3 29. Bf1 Bxf1 30. Qxf1 Qxf1+ 31. Nxf1 h5 32. h4 Rc4 33. Kg2 Rxh4 34. Nh2
f4 35. Rh1 fxg3 36. fxg3 Re4 37. Kf3 Rg5 38. Rhg1 Rge5 39. Nf1 d4 40. exd4 Bxd4
41. Rg2 Bc3 42. Rh2 Kf6 43. Rd1 Re1 44. Rxe1 Rxe1 45. Ne3 Kg5 46. Ke4 f5+ 47.
Kf3 Bd4 48. Nc4 a4 49. Nd6 Re3+ 50. Kg2 Re2+ 51. Kh3 Rxh2+ 52. Kxh2 Kg4 53. Nf7
h4 54. gxh4 Kxh4 55. Kg2 f4 56. Kf3 e5 57. Nd8 Bc3 58. Ne6 Kh5 59. Nc5 a3 60.
Ke2 Kg4 61. Nd3 e4 62. Nf2+ 1-0

[Event "Let's Play Chess!"]
[Site "http://www.queenalice.com/game.php?id=802414"]
[Date "2010.7.12"]
[Round "-"]
[White "greatgaijin"]
[Black "Hagi"]
[Result "1-0"]
[WhiteElo "1465"]
[BlackElo "1570"]

1. d4 d5 2. Nf3 c6 3. c4 e6 4. e3 f5 5. a3 Nf6 6. Nc3 Bd6 7. Qc2 O-O 8. Bd3 a6
9. O-O b5 10. cxd5 exd5 11. Bxf5 Bxf5 12. Qxf5 Kh8 13. h4 Ne4 14. Qh3 Nxc3 15.
bxc3 Nd7 16. h5 h6 17. Nh4 Kg8 18. Qe6+ Rf7 19. Nf5 Nf8 20. Nxh6+ gxh6 21. Qg4+
Rg7 22. Qh3 Raa7 23. e4 dxe4 24. Bxh6 Rgf7 25. Qg4+ Kh8 26. Qxe4 Rh7 27. Bxf8
Qxf8 28. a4 Rxh5 29. g3 Re7 30. Qxc6 Bc7 31. Kg2 Qh6 32. Qxh6+ Rxh6 33. axb5
axb5 34. Rab1 Rh5 35. c4 bxc4 36. Rbc1 Reh7 37. Rxc4 Rh2+ 38. Kf3 Rf7+ 39. Ke3
Re7+ 40. Kd3 Bd8 41. d5 Rh5 42. Rh4 Rxh4 43. gxh4 Rd7 44. Ke4 Bxh4 45. Rh1 Re7+
46. Kf5 Rh7 47. f4 Kg8 48. Ke6 Bg3 49. Rxh7 Kxh7 50. f5 Kg7 51. f6+ Kf8 52. d6
Bxd6 53. Kxd6 Kf7 54. Ke5 Kg6 55. Ke6 Kh7 56. Ke7 Kg8 57. f7+ 1-0

[Event "Let's Play Chess!"]
[Site "http://www.queenalice.com/game.php?id=808685"]
[Date "2010.7.25"]
[Round "-"]
[White "greatgaijin"]
[Black "jeancarlo1910"]
[Result "1-0"]
[WhiteElo "1651"]
[BlackElo "1829"]

1. d4 Nf6 2. c4 e6 3. Nf3 c5 4. e3 Ne4 5. Nc3 Nxc3 6. bxc3 Nc6 7. Bd3 d5 8. O-O
cxd4 9. cxd4 Bd6 10. a3 f5 11. Qc2 O-O 12. cxd5 exd5 13. Bd2 Ne7 14. Ne5 Bxe5
15. dxe5 Ng6 16. f4 Be6 17. Rf3 Rc8 18. Qd1 Nh4 19. Rg3 Ng6 20. Bb4 Rf7 21. Qh5
Qh4 22. Qg5 Qxg5 23. Rxg5 b6 24. Kf2 Rfc7 25. Bd2 Kf7 26. h4 Nxh4 27. Rh5 Ng6
28. Rxh7 Rh8 29. Rah1 Rcc8 30. Rxh8 Rxh8 31. Rxh8 Nxh8 32. Bb5 Ke7 33. Bb4+ Kd8
34. Ke2 Nf7 35. Kd3 g5 36. Kd4 gxf4 37. exf4 Nh6 38. Bc6 Ng4 39. g3 Nf2 40. Bxd5
Bxd5 41. Kxd5 Ne4 42. Be1 Kd7 43. e6+ Ke7 44. Ke5 Nd6 45. Bb4 a5 46. Bxd6+ Ke8
47. Bc7 b5 48. Bxa5 1-0

[Event "Let's Play Chess!"]
[Site "http://www.queenalice.com/game.php?id=811796"]
[Date "2010.8.1"]
[Round "-"]
[White "dmnl12"]
[Black "greatgaijin"]
[Result "0-1"]
[WhiteElo "1678"]
[BlackElo "1566"]

1. e4 c5 2. Nc3 Nc6 3. Bb5 Nd4 4. Bc4 d6 5. Nf3 Nxf3+ 6. Qxf3 e6 7. O-O a6 8. a4
Nf6 9. d3 Be7 10. Qg3 Nh5 11. Qg4 Nf6 12. Qxg7 Rg8 13. Qh6 Rg6 14. Qe3 b6 15. e5
Ng4 16. Qf3 Ra7 17. exd6 Bxd6 18. Qc6+ Kf8 19. Qf3 Bb7 20. Qh3 Nxh2 21. Ne4 Nxf1
22. Kxf1 Be5 23. Qh5 Bg7 24. g3 Bxe4 25. dxe4 Rd7 26. Be2 Kg8 27. c3 Qf6 28. a5
b5 29. Qxc5 e5 30. Kg2 Qh4 31. Bf3 Qd8 32. Be3 Rc7 0-1

[Event "Let's Play Chess!"]
[Site "http://www.queenalice.com/game.php?id=825405"]
[Date "2010.8.30"]
[Round "-"]
[White "Capixaba789"]
[Black "greatgaijin"]
[Result "0-1"]
[WhiteElo "1787"]
[BlackElo "1280"]

1. e4 c5 2. d4 cxd4 3. Qxd4 Nc6 4. Qd1 d6 5. Nc3 a6 6. Nf3 Bg4 7. Be2 Nf6 8. Bg5
e6 9. e5 dxe5 10. Qxd8+ Rxd8 11. Bxf6 gxf6 12. Rd1 Rxd1+ 13. Bxd1 Bc5 14. Ne4
Be7 15. a3 f5 16. Nc3 e4 17. Nd2 Rg8 18. Bxg4 Rxg4 19. O-O Nd4 20. Rc1 Bg5 21.
h3 Bxd2 22. Rd1 Rg7 23. Kf1 Bxc3 24. bxc3 Nxc2 25. Rb1 b5 0-1

[Event "Let's Play Chess!"]
[Site "http://www.queenalice.com/game.php?id=832260"]
[Date "2010.9.13"]
[Round "-"]
[White "greatgaijin"]
[Black "kinghenry"]
[Result "1-0"]
[WhiteElo "1807"]
[BlackElo "1775"]

1. d4 d5 2. Nf3 h6 3. c4 Bg4 4. e3 Nf6 5. Nc3 c6 6. h3 Bh5 7. Qc2 e6 8. a3 a6 9.
cxd5 exd5 10. Ne5 Nbd7 11. Nxd7 Qxd7 12. Bd3 Be7 13. Bf5 Qd6 14. O-O Bd8 15. e4
Nh7 16. e5 Qc7 17. Bxh7 g6 18. Bxg6 Bxg6 19. Qe2 Be7 20. f4 f5 21. exf6 Be4 22.
Nxe4 dxe4 23. Qh5+ Kd8 24. fxe7+ Qxe7 25. f5 e3 26. f6 Qe6 27. f7 Rf8 28. Qh4+
Kd7 29. Rf6 Qe7 30. Qf4 e2 31. Bd2 Rh8 32. Bb4 c5 33. dxc5 Raf8 34. c6+ bxc6 35.
Bxe7 Rh7 36. Bxf8 e1=Q+ 37. Rxe1 Kc8 38. Re8+ Kb7 39. Qb8# 1-0

[Event "Let's Play Chess!"]
[Site "http://www.queenalice.com/game.php?id=835332"]
[Date "2010.9.20"]
[Round "-"]
[White "chessweed69"]
[Black "greatgaijin"]
[Result "0-1"]
[WhiteElo "1605"]
[BlackElo "1734"]

1. Nf3 d5 2. d4 Nf6 3. Nc3 e6 4. Qd3 Nbd7 5. a3 a6 6. e4 dxe4 7. Nxe4 Nxe4 8.
Qxe4 Nf6 9. Qh4 Be7 10. Bd3 O-O 11. Bg5 g6 12. O-O-O Bd7 13. Ne5 Nd5 14. Bxe7
Nxe7 15. Rde1 Nf5 16. Qxd8 Rfxd8 17. Re4 Be8 18. Nf3 b5 19. g4 Nd6 20. Re5 a5
21. c4 bxc4 22. Bc2 Bc6 0-1

[Event "Let's Play Chess!"]
[Site "http://www.queenalice.com/game.php?id=838147"]
[Date "2010.9.26"]
[Round "-"]
[White "feliz70"]
[Black "greatgaijin"]
[Result "1-0"]
[WhiteElo "2211"]
[BlackElo "1734"]

1. d4 Nf6 2. Nf3 e6 3. c4 d5 4. g3 c5 5. cxd5 Nxd5 6. Bg2 Nc6 7. O-O Be7 8. dxc5
Bxc5 9. Qc2 Qe7 10. a3 a6 11. e4 Nf6 12. e5 Nd5 13. Bg5 f6 14. exf6 Nxf6 15. Nc3
Ba7 16. Rfe1 O-O 17. Rad1 Bd7 18. Nd5 Qf7 19. Bxf6 gxf6 20. Nxf6+ Qxf6 21. Rxd7
Rf7 22. Rxf7 Qxf7 23. Ng5 Qf5 24. Qxf5 exf5 25. Bd5+ Kg7 26. Ne6+ Kf6 27. Nc7
Rd8 28. Ne8+ Kg5 29. Re6 Rxd5 30. h4+ 1-0

[Event "Let's Play Chess!"]
[Site "http://www.queenalice.com/game.php?id=849226"]
[Date "2010.10.22"]
[Round "-"]
[White "greatgaijin"]
[Black "Strogonoff"]
[Result "1-0"]
[WhiteElo "1764"]
[BlackElo "1792"]

1. d4 d5 2. Nf3 Nc6 3. c4 e6 4. a3 Nf6 5. Nc3 dxc4 6. e3 Bd6 7. Bxc4 O-O 8. O-O
Re8 9. e4 e5 10. Bg5 exd4 11. Nb5 Be7 12. Re1 a6 13. Nbxd4 1-0

[Event "Let's Play Chess!"]
[Site "http://www.queenalice.com/game.php?id=850050"]
[Date "2010.10.24"]
[Round "-"]
[White "ketchuplover"]
[Black "greatgaijin"]
[Result "0-1"]
[WhiteElo "1789"]
[BlackElo "1840"]

1. d4 d5 2. Nf3 Nf6 3. e3 e6 4. Bd3 c5 5. dxc5 Bxc5 6. O-O Nbd7 7. b3 O-O 8. Bb2
a6 9. Nbd2 Re8 10. c4 dxc4 11. Nxc4 Nd5 12. Rc1 b5 13. Nce5 Bf8 14. Bxh7+ Kxh7
15. Qd3+ Kg8 16. a3 Bb7 17. Nxd7 Qxd7 18. Rfd1 Qe7 19. Ne1 Rac8 20. Rxc8 Rxc8
21. Rc1 Rxc1 22. Bxc1 Qc5 23. Bb2 a5 0-1

[Event "Let's Play Chess!"]
[Site "http://www.queenalice.com/game.php?id=850337"]
[Date "2010.10.25"]
[Round "-"]
[White "constantin"]
[Black "greatgaijin"]
[Result "1-0"]
[WhiteElo "1653"]
[BlackElo "1891"]

1. e4 c5 2. Bc4 e6 3. Nf3 d6 4. O-O Nf6 5. d3 Be7 6. h3 a6 7. a3 Nc6 8. Be3 b5
9. Ba2 Bb7 10. c3 O-O 11. Nbd2 Qc7 12. Bf4 e5 13. Bg3 h6 14. Nh4 Nd8 15. Ng6 Re8
16. Bh4 d5 17. Nxe7+ Qxe7 18. exd5 g5 19. Bg3 Bxd5 20. c4 Bc6 21. Re1 Nd7 22.
cxb5 axb5 23. Qh5 Kg7 24. Nf1 Ra4 25. Ne3 Qf6 26. Nd5 Qg6 27. Qf3 Rd4 28. Rad1
f6 29. Qe2 Bxd5 30. Bxd5 Rxd5 31. d4 cxd4 32. b4 Nb7 33. Qa2 Nb6 34. Qb3 Nc4 35.
a4 Qf7 36. Rc1 Nbd6 37. axb5 Rxb5 38. Rc2 Reb8 39. Qf3 Rxb4 40. Qg4 Rb1 41. Rxb1
Rxb1+ 42. Kh2 Qa7 43. f4 Ne3 44. Qh5 Qa1 45. Rc7+ 1-0

[Event "Let's Play Chess!"]
[Site "http://www.queenalice.com/game.php?id=858943"]
[Date "2010.11.14"]
[Round "-"]
[White "greatgaijin"]
[Black "lafasouza"]
[Result "1-0"]
[WhiteElo "1869"]
[BlackElo "1749"]

1. d4 d5 2. Nf3 Nc6 3. c4 e6 4. a3 Nf6 5. Nc3 h6 6. e3 g5 7. h3 Bd7 8. Bd3 Bg7
9. O-O g4 10. cxd5 gxf3 11. dxe6 fxe6 12. Bg6+ Kf8 13. Qxf3 e5 14. d5 Ne7 15.
Bc2 Kg8 16. Bb3 Kf8 17. e4 Ke8 18. Be3 c6 19. dxc6 Bxc6 20. Rfd1 Qc8 21. Rd6 Rf8
22. Bxh6 Qc7 23. Rad1 Bxh6 24. Rxf6 Rxf6 25. Qxf6 Bd7 26. Bf7+ Kd8 27. Qxh6 Qc6
28. Qf8+ Kc7 29. Qxe7 Rd8 30. Qxe5+ Kc8 31. Nd5 Qc2 32. Ne7# 1-0

[Event "Let's Play Chess!"]
[Site "http://www.queenalice.com/game.php?id=874856"]
[Date "2010.12.21"]
[Round "-"]
[White "richcooke"]
[Black "greatgaijin"]
[Result "0-1"]
[WhiteElo "1793"]
[BlackElo "1858"]

1. e4 c5 2. Bc4 e6 3. Nf3 a6 4. Nc3 Nc6 5. d4 cxd4 6. Nxd4 d6 7. Nxc6 bxc6 8.
O-O Nf6 9. Bg5 Be7 10. Be3 O-O 11. f3 Rb8 12. b3 Qa5 13. Bd2 Qh5 14. h3 Qg6 15.
Rf2 e5 16. Qe2 a5 17. Na4 Bxh3 18. Bxa5 Bd7 19. Nb6 h5 20. Rd1 h4 21. Kf1 h3 22.
gxh3 Bxh3+ 23. Ke1 Nh5 24. Kd2 Nf4 25. Qe3 Bg5 26. Kc3 Nd5+ 27. Nxd5 Bxe3 28.
Ne7+ Kh7 29. Nxg6 Kxg6 30. Rh2 Bd4+ 31. Kd3 Be6 32. Bc7 Ra8 33. c3 Bc5 34. b4
Bxc4+ 35. Kxc4 Be3 36. Rxd6+ f6 37. Rxc6 Rfc8 38. Kd5 Kf7 39. Re2 Bf4 0-1

[Event "Let's Play Chess!"]
[Site "http://www.queenalice.com/game.php?id=876740"]
[Date "2010.12.26"]
[Round "-"]
[White "greatgaijin"]
[Black "cavaleiro_cambraia"]
[Result "0-1"]
[WhiteElo "1932"]
[BlackElo "2125"]

1. c4 e5 2. Nc3 f5 3. d3 Nf6 4. e4 f4 5. Nf3 Nc6 6. a3 a5 7. Be2 Bc5 8. h3 O-O
9. O-O d6 10. Bd2 Bd7 11. Re1 Ne7 12. Bf1 c6 13. Qc2 Nh5 14. Rad1 Ng6 15. Bc1
Qf6 16. Ne2 Nh4 17. d4 Nxf3+ 18. gxf3 Qg5+ 19. Kh2 Bb6 20. c5 Bc7 21. Qb3+ Kh8
22. Qxb7 Rfc8 23. Qb3 Qh4 24. Bg2 Qxf2 25. cxd6 Bxd6 26. Qf7 Nf6 27. Qc4 Qh4 28.
dxe5 Bxe5 29. Rg1 h6 30. Bd2 Rf8 31. Be1 Qh5 32. Qc5 Nxe4 0-1

[Event "Let's Play Chess!"]
[Site "http://www.queenalice.com/game.php?id=878234"]
[Date "2010.12.30"]
[Round "-"]
[White "leduar"]
[Black "greatgaijin"]
[Result "0-1"]
[WhiteElo "1911"]
[BlackElo "1891"]

1. e4 c5 2. Nf3 d6 3. Bb5+ Bd7 4. Bxd7+ Qxd7 5. d4 cxd4 6. Qxd4 Nc6 7. Qc3 Nf6
8. Nbd2 Qg4 9. O-O Nxe4 10. Nxe4 Qxe4 11. Re1 Qg6 12. Be3 e6 13. h3 Be7 14. Rad1
O-O 15. b4 Rac8 16. Qb2 Rfd8 17. c4 b6 18. b5 Bf6 19. Qa3 Na5 20. Nd2 Be7 21.
Qc1 d5 22. Nb3 Rxc4 0-1

[Event "Let's Play Chess!"]
[Site "http://www.queenalice.com/game.php?id=880676"]
[Date "2011.1.3"]
[Round "-"]
[White "greatgaijin"]
[Black "charles31"]
[Result "1-0"]
[WhiteElo "1921"]
[BlackElo "1687"]

1. d4 d5 2. Nf3 Nc6 3. g3 Bf5 4. a3 h6 5. Bg2 Nf6 6. O-O e6 7. Nc3 Qd6 8. Bf4
Qd8 9. Re1 g5 10. Be5 a6 11. e4 dxe4 12. Nd2 Bd6 13. Bxf6 Qxf6 14. Ndxe4 Qe7 15.
d5 Ne5 16. dxe6 fxe6 17. Nxd6+ cxd6 18. Ne2 g4 19. Nd4 Qf7 20. Nxf5 Qxf5 21.
Qxd6 Rd8 22. Qxe5 Qxe5 23. Rxe5 Rd6 24. Rae1 Kd7 25. Bxb7 Rb8 26. Be4 Rxb2 27.
Rh5 Ra2 28. Rxh6 Rxa3 29. Rh7+ Kd8 30. Rb1 Kc8 31. Bb7+ Kd8 32. Bxa6 Rdxa6 33.
Rb8# 1-0

[Event "Let's Play Chess!"]
[Site "http://www.queenalice.com/game.php?id=885696"]
[Date "2011.1.13"]
[Round "-"]
[White "greatgaijin"]
[Black "Killersugus"]
[Result "0-1"]
[WhiteElo "1919"]
[BlackElo "2076"]

1. c4 e6 2. e4 b6 3. d4 c5 4. Nf3 cxd4 5. Nxd4 Bb7 6. Qc2 Nc6 7. Nxc6 dxc6 8.
Be3 Bb4+ 9. Nc3 Nf6 10. Rd1 Qc7 11. Be2 h6 12. O-O O-O 13. f4 Bxc3 14. bxc3 c5
15. Bf3 Rfd8 16. e5 Bxf3 17. Rxf3 Rxd1+ 18. Qxd1 Rd8 19. Qc2 Ng4 20. Bc1 h5 21.
h3 Nh6 22. Rg3 Nf5 23. Rg5 g6 24. g4 Ng7 25. Be3 Qd7 26. Kf2 Qd1 0-1

[Event "Let's Play Chess!"]
[Site "http://www.queenalice.com/game.php?id=903062"]
[Date "2011.2.21"]
[Round "-"]
[White "rok66"]
[Black "greatgaijin"]
[Result "1-0"]
[WhiteElo "2055"]
[BlackElo "1874"]

1. d4 d5 2. c4 c6 3. Nf3 Nf6 4. Nc3 e6 5. e3 Nbd7 6. Bd3 Be7 7. O-O O-O 8. e4
dxe4 9. Nxe4 Nxe4 10. Bxe4 Nf6 11. Bc2 Qc7 12. Re1 Re8 13. Qd3 h6 14. Ne5 Bf8
15. Ng4 Be7 16. b3 e5 17. Nxf6+ Bxf6 18. Qh7+ 1-0